النفاذ الدولي لأحكام التحكيم / (Record no. 24520)

MARC details
000 -الفاتح
حقل البيانات ثابتة الطول 00818nam a22002175a 4500
003 - محدد رقم الضبط
رقم الضبط OSt
005 - وقت وتاريخ اخر تعامل مع التسجيلة
رقم الضبط 20170323151340.0
008 - عناصر البيانات ثابتة الطول - معلومات عامة
حقل البيانات ثابتة الطول 170313s2015 ua frb 000 0 ara d
020 ## - الرقم الدولى المعيارى للكتب
الرقم الدولى المعيارى للكتاب 9789770477694
040 ## - مصدر الفهرسة
وكالة الفهرسة الأصلية EG-ScBUE
لغة الفهرسة ara
وكالة النسخ EG-ScBUE
082 04 - رقم تصنيف ديوى العشرى
رقم التصنيف 341.522
رقم المادة ت ع ي
رقم الطبعة 22
100 1# - المدخل الرئيسى - إسم شخصى
الإسم الشخصى تعيلب، وئام نجاح إبراهيم السيد.
245 12 - بيان العنوان
العنوان النفاذ الدولي لأحكام التحكيم /
بيان المسئوليه,etc وئام نجاح إبراهيم السيد تعيلب.
260 ## - PUBLICATION, DISTRIBUTION, ETC. (IMPRINT)
مكان الناشر او الموزع القاهرة :
اسم الناشر او الموزع دار النهضة العربية،
تاريخ النشر أو التوزيع 2015.
300 ## - الوصف المادى
التعداد 385 ص. ؛
أبعاد الوعاء 24 سم.
504 ## - تبصرة ببليوجرافية
تبصرة ببليوجرافية,الخ يشتمل على إرجاعات ببليوجرافية.
650 #7 - المدخل الاضافى بالموضوع-مصطلح موضوعى
مصدر الرأس أو المصطلح BUEsh
مصطلح موضوعي أو اسم جغرافي كعنصر مدخل التحكيم الدولي.
9 (RLIN) 41124
650 #7 - المدخل الاضافى بالموضوع-مصطلح موضوعى
مصدر الرأس أو المصطلح BUEsh
مصطلح موضوعي أو اسم جغرافي كعنصر مدخل القانون الدولي.
653 ## - مصطلح تكشيفى غير مقيد
Resource For college Law
Arrived date list March2017
942 ## - عناصر المدخل الإضافي( كوها)
مصدر التصنيف او مخطط الترفيف Dewey Decimal Classification
Holdings
حالة التراجع حالة الفقد مصدر التصنيف او خطة الترفيف حالة تلف ليس للاعارة مجموعات كوها المكان الدائم المكان الحالي موقع الترفيف تاريخ الاكتساب Source of acquisition سعر الشراء الطبيعي تعداد مسلسل / التسلسل الزمني رقم الاستدعاء الباركود Date last seen التكلفة نوع الوعاء
    Dewey Decimal Classification     دار النهضة العربية Central Library Central Library First floor 23/03/2017 Purchase 75.00 2815 341.522 ت ع ي 000045910 15/07/2025 93.75 Book - Borrowing
    Dewey Decimal Classification     دار النهضة العربية Central Library Central Library First floor 23/03/2017 Purchase 75.00 2815 341.522 ت ع ي 000045911 15/07/2025 93.75 Book - Borrowing